Wholistic Evangelism: A WCC Perspective

Saved in:  
Bibliographic Details
Main Author: Lehmann-Habeck, Martin 1936- (Author)
Format: Electronic Article
Language:English
Check availability: HBZ Gateway
Interlibrary Loan:Interlibrary Loan for the Fachinformationsdienste (Specialized Information Services in Germany)
Published: 1984
In: International review of mission
Year: 1984, Volume: 73, Issue: 289, Pages: 7-16
Online Access: Volltext (lizenzpflichtig)
Volltext (lizenzpflichtig)
Parallel Edition:Electronic
Non-electronic

MARC

LEADER 00000caa a22000002c 4500
001 1937052974
003 DE-627
005 20251224054838.0
007 cr uuu---uuuuu
008 250926s1984 xx |||||o 00| ||eng c
024 7 |a 10.1111/j.1758-6631.1984.tb03247.x  |2 doi 
035 |a (DE-627)1937052974 
035 |a (DE-599)KXP1937052974 
040 |a DE-627  |b ger  |c DE-627  |e rda 
041 |a eng 
084 |a 0  |a 1  |2 ssgn 
100 1 |e VerfasserIn  |0 (DE-588)1047955032  |0 (DE-627)779634306  |0 (DE-576)401788288  |4 aut  |a Lehmann-Habeck, Martin  |d 1936- 
109 |a Lehmann-Habeck, Martin 1936-  |a Habeck, Martin L.- 1936- 
245 1 0 |a Wholistic Evangelism: A WCC Perspective 
264 1 |c 1984 
336 |a Text  |b txt  |2 rdacontent 
337 |a Computermedien  |b c  |2 rdamedia 
338 |a Online-Ressource  |b cr  |2 rdacarrier 
601 |a Evangeliar 
773 0 8 |i Enthalten in  |t International review of mission  |d Malden, MA : Wiley-Blackwell, 1912  |g 73(1984), 289, Seite 7-16  |w (DE-627)341337951  |w (DE-600)2066496-5  |w (DE-576)273868179  |x 1758-6631  |7 nnas 
773 1 8 |g volume:73  |g year:1984  |g number:289  |g pages:7-16 
776 |i Erscheint auch als  |n elektronische Ausgabe  |w (DE-627)1937052966  |k Electronic 
776 |i Erscheint auch als  |n Druckausgabe  |w (DE-627)1642205524  |k Non-Electronic 
856 4 0 |u https://doi.org/10.1111/j.1758-6631.1984.tb03247.x  |x Resolving-System  |z lizenzpflichtig  |3 Volltext  |7 1 
856 4 0 |u https://onlinelibrary.wiley.com/doi/abs/10.1111/j.1758-6631.1984.tb03247.x  |x Verlag  |z lizenzpflichtig  |3 Volltext  |7 1 
935 |a mteo 
951 |a AR 
ELC |a 1 
ITA |a 1  |t 1 
LOK |0 000 xxxxxcx a22 zn 4500 
LOK |0 001 4776237679 
LOK |0 003 DE-627 
LOK |0 004 1937052974 
LOK |0 005 20250926055616 
LOK |0 008 250926||||||||||||||||ger||||||| 
LOK |0 035   |a (DE-Tue135)IxTheo#2025-08-12#B3E0A52E3C2990C5B4B95902DD2B3B502C140DF5 
LOK |0 040   |a DE-Tue135  |c DE-627  |d DE-Tue135 
LOK |0 092   |o n 
LOK |0 852   |a DE-Tue135 
LOK |0 852 1  |9 00 
LOK |0 935   |a ixrk  |a ixzs  |a zota 
LOK |0 939   |a 26-09-25  |b l01 
ORI |a SA-MARC-ixtheoa001.raw 
REL |a 1 
SUB |a REL